Museo Pedagógico Nacional (Record no. 69551)

MARC details
000 -LEADER
campo de control de longitud fija 00950nam a2200253 i 4500
001 - NÚMERO DE CONTROL
campo de control 69551
003 - IDENTIFICADOR DE NÚMERO DE CONTROL
campo de control ES-MaACL
005 - FECHA Y HORA DE LA ÚLTIMA TRANSACCIÓN
campo de control 20250828080954.0
007 - CAMPO FIJO DE DESCRIPCIÓN FÍSICA--INFORMACIÓN GENERAL
campo de control de longitud fija t|
008 - DATOS DE LONGITUD FIJA--INFORMACIÓN GENERAL
campo de control de longitud fija 040707s1985 sp ||||1| spa d
020 ## - NÚMERO INTERNACIONAL ESTÁNDAR DEL LIBRO
Número Internacional Estándar del Libro 84-7481-340-9
100 1# - ENTRADA PRINCIPAL--NOMBRE DE PERSONA
Nombre de persona García del Dujo, Angel.
9 (RLIN) 54515
245 10 - MENCIÓN DEL TÍTULO
Título Museo Pedagógico Nacional
Resto del título : (1882-1941) : teoría educativa y desarrollo histórico /
Mención de responsabilidad, etc. Angel García del Dujo.
260 ## - PUBLICACIÓN, DISTRIBUCIÓN, ETC.
Lugar de publicación, distribución, etc. Salamanca :
Nombre del editor, distribuidor, etc. Universidad de Salamanca. Instituto de Ciencias de la Educación,
Fecha de publicación, distribución, etc. 1985.
300 ## - DESCRIPCIÓN FÍSICA
Extensión 191 p. ;
Dimensiones 22 cm.
490 1# - MENCIÓN DE SERIE
Mención de serie Ciencias de la educación (Universidad de Salamanca)
Designación de volumen o secuencia 17
RLIN 241994
500 ## - NOTA GENERAL
Nota general Indice.
504 ## - NOTA DE BIBLIOGRAFÍA, ETC.
Nota de bibliografía, etc. Bibliografía.
710 2# - ENTRADA AGREGADA--NOMBRE DE ENTIDAD CORPORATIVA
Nombre de entidad corporativa o nombre de jurisdicción como elemento de entrada Universidad de Salamanca.
Unidad subordinada Instituto de Ciencias de la Educación
9 (RLIN) 4834
830 #0 - PUNTO DE ACCESO ADICIONAL DE SERIE-TÍTULO UNIFORME
Título uniforme Ciencias de la educación (Universidad de Salamanca)
Designación de volumen o secuencia 17
9 (RLIN) 241994
852 ## - LOCALIZACIÓN
Ubicación ES-MaACL
Número de control de estantería L-11674
Sublocalización o colección R.113570
942 ## - ELEMENTOS DE ENTRADA SECUNDARIOS (KOHA)
Fuente del sistema de clasificación o colocación Clasificación decimal universal
Holdings
Estatus retirado Estado de pérdida Estado de daño No para préstamo Biblioteca de origen Biblioteca actual Ubicación en estantería Fecha de adquisición Fuente de adquisición Total de préstamos Signatura topográfica completa Código de barras Visto por última vez Precio de reemplazo Tipo de ítem Koha
        Biblioteca del Ateneo de Madrid Biblioteca del Ateneo de Madrid Depósito 2 17/01/2008     L-11674 1072830 23/02/2023 23/02/2023 Libro impreso